3D Printed Science Projects Volume 2 Physics, Math, Engineering and Geology Models /

Learn physics, engineering, and geology concepts usually seen in high school and college in an easy, accessible style. This second volume addresses these topics for advanced science fair participants or those who just like reading about and understanding science. 3D Printed Science Project Volume 2...

Πλήρης περιγραφή

Λεπτομέρειες βιβλιογραφικής εγγραφής
Κύριοι συγγραφείς: Horvath, Joan (Συγγραφέας), Cameron, Rich (Συγγραφέας)
Συγγραφή απο Οργανισμό/Αρχή: SpringerLink (Online service)
Μορφή: Ηλεκτρονική πηγή Ηλ. βιβλίο
Γλώσσα:English
Έκδοση: Berkeley, CA : Apress : Imprint: Apress, 2017.
Θέματα:
Διαθέσιμο Online:Full Text via HEAL-Link
LEADER 02566nam a22003615i 4500
001 978-1-4842-2695-7
003 DE-He213
005 20170630023416.0
007 cr nn 008mamaa
008 170523s2017 xxu| s |||| 0|eng d
020 |a 9781484226957  |9 978-1-4842-2695-7 
024 7 |a 10.1007/978-1-4842-2695-7  |2 doi 
040 |d GrThAP 
100 1 |a Horvath, Joan.  |e author. 
245 1 0 |a 3D Printed Science Projects Volume 2  |h [electronic resource] :  |b Physics, Math, Engineering and Geology Models /  |c by Joan Horvath, Rich Cameron. 
264 1 |a Berkeley, CA :  |b Apress :  |b Imprint: Apress,  |c 2017. 
300 |a XVIII, 181 p. 87 illus., 82 illus. in color.  |b online resource. 
336 |a text  |b txt  |2 rdacontent 
337 |a computer  |b c  |2 rdamedia 
338 |a online resource  |b cr  |2 rdacarrier 
347 |a text file  |b PDF  |2 rda 
505 0 |a Chapter 1. Pendulums -- Chapter 2. Geology -- Chapter 3. Snow and Ice -- Chapter 4. Doppler and Mach -- Chapter 5. Moment of Inertia -- Chapter 6. Probability -- Chapter 7. Digital Logic -- Chapter 8. Gravitational Waves -- Appendix A. 3D Printing and OpenSCAD -- Appendix B. Links. 
520 |a Learn physics, engineering, and geology concepts usually seen in high school and college in an easy, accessible style. This second volume addresses these topics for advanced science fair participants or those who just like reading about and understanding science. 3D Printed Science Project Volume 2 describes eight open-source 3D printable models, as well as creative activities using the resulting 3D printed pieces. The files are designed to print as easily as possible, and the authors give tips for printing them on open source printers. As 3D printers become more and more common and affordable, hobbyists, teachers, parents, and students stall out once they've printed some toys and a few household items. To get beyond this, most people benefit from a “starter set” of objects as a beginning point in their explorations, partially just to see what is possible. This book tells you the solid science stories that these models offer, and provides them in open-source repositories. . 
650 0 |a Computer science. 
650 1 4 |a Computer Science. 
650 2 4 |a Hardware and Maker. 
700 1 |a Cameron, Rich.  |e author. 
710 2 |a SpringerLink (Online service) 
773 0 |t Springer eBooks 
776 0 8 |i Printed edition:  |z 9781484226940 
856 4 0 |u http://dx.doi.org/10.1007/978-1-4842-2695-7  |z Full Text via HEAL-Link 
912 |a ZDB-2-CWD 
950 |a Professional and Applied Computing (Springer-12059)